[Event "FICGS W-ch st2 g03 email"]
[Site "FICGS email"]
[Date "2010.07.06"]
[Round "1"]
[White "Ostrowski, Leszek"]
[Black "Nichols, Scott"]
[Result "1/2-1/2"]
[WhiteElo "2312"]
[BlackElo "2229"]
[PlyCount "62"]
[EventDate "2010.??.??"]
[EventType "tourn (corr)"]
[EventRounds "6"]
[SourceTitle "Corr 2013"]
[Source "ChessBase"]
[SourceDate "2012.11.12"]
[SourceVersion "1"]
[SourceVersionDate "2012.11.12"]
[SourceQuality "1"]

1. d4 d5 2. Nf3 Nf6 3. c4 c6 4. e3 e6 5. Nc3 Nbd7 6. Qc2 Bd6 7. Bd3 dxc4 8. Bxc4 0-0 9. 0-0 b5 10. Be2 Bb7 11. e4 e5 12. Rd1 Qc7 13. Bg5 exd4 14. Rxd4 Ne5 15. Bxf6 gxf6 16. g3 b4 17. Na4 c5 18. Rdd1 Rfe8 19. Rac1 Rac8 20. a3 a5 21. Nd2 c4 22. axb4 axb4 23. Nxc4 Nxc4 24. Bxc4 Rxe4 25. Bd3 Qxc2 26. Bxc2 Re6 27. Bb3 Rxc1 28. Rxc1 Re5 29. Kf1 Kg7 30. f4 Re7 31. Nb6 h5 1/2-1/2

[Event "FICGS rapid SM 000005 email"]
[Site "FICGS email"]
[Date "2010.05.20"]
[Round "1"]
[White "De Vassal, Thibault"]
[Black "Ostrowski, Leszek"]
[Result "1/2-1/2"]
[WhiteElo "2320"]
[BlackElo "2308"]
[PlyCount "69"]
[EventDate "2010.??.??"]
[EventType "tourn (rapid)"]
[EventRounds "6"]
[EventCategory "6"]
[SourceTitle "Corr 2013"]
[Source "ChessBase"]
[SourceDate "2012.11.12"]
[SourceVersion "1"]
[SourceVersionDate "2012.11.12"]
[SourceQuality "1"]

1. e4 e5 2. Nf3 Nf6 3. Nxe5 d6 4. Nf3 Nxe4 5. d4 d5 6. Bd3 Bd6 7. 0-0 0-0 8. c4 c6 9. cxd5 cxd5 10. Nc3 Nxc3 11. bxc3 Bg4 12. Rb1 Nd7 13. h3 Bh5 14. Rxb7 Nb6 15. Ba6 Qe8 16. Qe2 Qc6 17. Qb5 Qxc3 18. Bb2 Qc4 19. Qxc4 dxc4 20. Ne5 Rfb8 21. Rxb8+ Rxb8 22. Re1 Bg6 23. Nxg6 hxg6 24. Kf1 Bb4 25. Rb1 Re8 26. g3 Re7 27. Rc1 Rc7 28. Rc2 c3 29. Bc1 Rd7 30. a3 Ba5 31. Be3 Nd5 32. Ke2 Ne7 33. Kd3 Rd6 34. Bc4 Nf5 35. Bb3 1/2-1/2

[Event "FICGS class M 000025 email"]
[Site "FICGS email"]
[Date "2008.12.18"]
[Round "1"]
[White "Simmelink, Joop Theo"]
[Black "Ostrowski, Leszek"]
[Result "1/2-1/2"]
[WhiteElo "2324"]
[BlackElo "2321"]
[PlyCount "53"]
[EventDate "2008.??.??"]
[EventType "tourn (corr)"]
[EventRounds "6"]
[SourceTitle "Corr 2022"]
[Source "ChessBase"]
[SourceDate "2021.10.24"]
[SourceVersion "1"]
[SourceVersionDate "2021.10.24"]
[SourceQuality "1"]

1. e4 e5 2. Nf3 Nf6 3. d4 Nxe4 4. Bd3 d5 5. Nxe5 Nd7 6. Nxd7 Bxd7 7. 0-0 Qh4 8. c4 0-0-0 9. c5 g5 10. Nc3 Bg7 11. g3 Qh3 12. Nxe4 dxe4 13. Bxe4 Bb5 14. Bg2 Qf5 15. Be3 Bxf1 16. Bxf1 c6 17. Qa4 Kb8 18. Rd1 Rd7 19. b4 a6 20. Bg2 Rhd8 21. d5 Rxd5 22. Bxd5 Rxd5 23. Rxd5 Qxd5 24. Qc2 h5 25. Qh7 Qd1+ 26. Kg2 Qd5+ 27. Kg1 1/2-1/2

[Event "FICGS class M 000024 email"]
[Site "FICGS email"]
[Date "2008.10.17"]
[Round "1"]
[White "Bezemer, Arno"]
[Black "Ostrowski, Leszek"]
[Result "0-1"]
[WhiteElo "2324"]
[BlackElo "2395"]
[PlyCount "22"]
[EventDate "2008.??.??"]
[EventType "tourn (corr)"]
[EventRounds "6"]
[SourceTitle "Corr 2022"]
[Source "ChessBase"]
[SourceDate "2021.10.24"]
[SourceVersion "1"]
[SourceVersionDate "2021.10.24"]
[SourceQuality "1"]

1. d4 d5 2. c4 c6 3. Nf3 Nf6 4. Nc3 e6 5. e3 Nbd7 6. Qc2 Bd6 7. g4 dxc4 8. Bxc4 e5 9. Bd2 exd4 10. Nxd4 Nxg4 11. Ne4 Ndf6 0-1

[Event "FICGS class M 000024 email"]
[Site "FICGS email"]
[Date "2008.10.17"]
[Round "1"]
[White "Kreindl, Helmut"]
[Black "Ostrowski, Leszek"]
[Result "1/2-1/2"]
[WhiteElo "2329"]
[BlackElo "2395"]
[PlyCount "39"]
[EventDate "2008.??.??"]
[EventType "tourn (corr)"]
[EventRounds "6"]
[SourceTitle "Corr 2022"]
[Source "ChessBase"]
[SourceDate "2021.10.24"]
[SourceVersion "1"]
[SourceVersionDate "2021.10.24"]
[SourceQuality "1"]

1. Nf3 Nf6 2. d4 d5 3. c4 c6 4. e3 e6 5. Nc3 Nbd7 6. Qc2 Bd6 7. Be2 0-0 8. 0-0 Qe7 9. b3 b6 10. Bb2 Bb7 11. Rfe1 h6 12. e4 Nxe4 13. Nxe4 dxe4 14. Qxe4 Nf6 15. Qh4 Rfd8 16. Ne5 c5 17. Bf3 Bxf3 18. Nxf3 cxd4 19. Nxd4 Qb7 20. Rad1 1/2-1/2

[Event "FICGS class M 000024 email"]
[Site "FICGS email"]
[Date "2008.10.17"]
[Round "1"]
[White "Ostrowski, Leszek"]
[Black "Simmelink, Joop Theo"]
[Result "1/2-1/2"]
[WhiteElo "2395"]
[BlackElo "2352"]
[PlyCount "79"]
[EventDate "2008.??.??"]
[EventType "tourn (corr)"]
[EventRounds "6"]
[SourceTitle "Corr 2022"]
[Source "ChessBase"]
[SourceDate "2021.10.24"]
[SourceVersion "1"]
[SourceVersionDate "2021.10.24"]
[SourceQuality "1"]

1. e4 e5 2. Nf3 Nc6 3. Bb5 a6 4. Ba4 Nf6 5. 0-0 Be7 6. Re1 b5 7. Bb3 0-0 8. c3 d5 9. exd5 Nxd5 10. Nxe5 Nxe5 11. Rxe5 c6 12. d4 Bd6 13. Re1 Qh4 14. g3 Qh3 15. Be3 Bg4 16. Qd3 Kh8 17. Nd2 f5 18. Qf1 Qh5 19. Bxd5 cxd5 20. f3 Bh3 21. Qf2 a5 22. f4 Bg4 23. Qg2 Qf7 24. Bf2 Rfe8 25. Qf1 Qd7 26. h3 Bh5 27. Rxe8+ Rxe8 28. Re1 Rxe1 29. Qxe1 Qe7 30. Qxe7 Bxe7 31. Kg2 Bd1 32. Nf3 Kg8 33. Ne5 a4 34. Be1 a3 35. b4 Bb3 36. Bd2 Bxa2 37. Bc1 Bd6 38. Bxa3 Bxe5 39. dxe5 Bc4 40. Kf3 1/2-1/2

[Event "FICGS class M 000024 email"]
[Site "FICGS email"]
[Date "2008.10.17"]
[Round "1"]
[White "Stephenson, Andrew"]
[Black "Ostrowski, Leszek"]
[Result "0-1"]
[WhiteElo "2264"]
[BlackElo "2395"]
[PlyCount "28"]
[EventDate "2008.??.??"]
[EventType "tourn (corr)"]
[EventRounds "6"]
[SourceTitle "Corr 2022"]
[Source "ChessBase"]
[SourceDate "2021.10.24"]
[SourceVersion "1"]
[SourceVersionDate "2021.10.24"]
[SourceQuality "1"]

1. d4 d5 2. c4 c6 3. Nf3 Nf6 4. e3 e6 5. Bd3 Nbd7 6. 0-0 dxc4 7. Bxc4 Bd6 8. Qc2 0-0 9. Rd1 Qe7 10. Nc3 e5 11. e4 exd4 12. Nxd4 Ne5 13. Be2 Re8 14. f3 Ng6 0-1

[Event "FICGS W-ch st2 g01 email"]
[Site "FICGS email"]
[Date "2008.07.12"]
[Round "1"]
[White "Khachaturov, Vadim"]
[Black "Ostrowski, Leszek"]
[Result "1/2-1/2"]
[WhiteElo "2090"]
[BlackElo "2408"]
[PlyCount "57"]
[EventDate "2008.??.??"]
[EventType "tourn (corr)"]
[EventRounds "8"]
[SourceTitle "Corr 2022"]
[Source "ChessBase"]
[SourceDate "2021.10.24"]
[SourceVersion "1"]
[SourceVersionDate "2021.10.24"]
[SourceQuality "1"]

1. e4 e5 2. Nf3 Nc6 3. Bb5 a6 4. Ba4 Nf6 5. 0-0 b5 6. Bb3 Bd6 7. Re1 Bb7 8. c3 0-0 9. d4 h6 10. Nbd2 Re8 11. Bc2 Qb8 12. a3 Bf8 13. Nxe5 Nxe5 14. dxe5 Rxe5 15. Nf3 Rxe4 16. Bxe4 Bxe4 17. Ne5 d5 18. Ng4 Nxg4 19. Qxg4 Qb6 20. Be3 Qc6 21. f3 Bg6 22. Rad1 Rd8 23. Qh4 f6 24. Qg3 Kh7 25. Kh1 a5 26. Bf4 Rd7 27. Qg4 Rd8 28. h4 h5 29. Qg3 1/2-1/2

[Event "FICGS W-ch st2 g01 email"]
[Site "FICGS email"]
[Date "2008.07.12"]
[Round "1"]
[White "Ostrowski, Leszek"]
[Black "Burden, Don"]
[Result "1/2-1/2"]
[WhiteElo "2408"]
[BlackElo "2117"]
[PlyCount "49"]
[EventDate "2008.??.??"]
[EventType "tourn (corr)"]
[EventRounds "8"]
[SourceTitle "Corr 2022"]
[Source "ChessBase"]
[SourceDate "2021.10.24"]
[SourceVersion "1"]
[SourceVersionDate "2021.10.24"]
[SourceQuality "1"]

1. e4 c5 2. Nf3 d6 3. d4 cxd4 4. Nxd4 Nf6 5. Nc3 a6 6. Bg5 e6 7. f4 Be7 8. Qf3 Qc7 9. 0-0-0 Nbd7 10. g4 b5 11. Bxf6 Nxf6 12. g5 Nd7 13. f5 Bxg5+ 14. Kb1 0-0 15. fxe6 Nb6 16. Nd5 Nxd5 17. exd5 fxe6 18. Qg4 e5 19. Qxg5 exd4 20. Bd3 g6 21. Rhf1 Qg7 22. Rxf8+ Qxf8 23. Rf1 Qe8 24. Qh4 Ra7 25. Re1 1/2-1/2

[Event "FICGS W-ch st1 gN 01 email"]
[Site "FICGS email"]
[Date "2008.07.08"]
[Round "1"]
[White "Moreira, Jose"]
[Black "Ostrowski, Leszek"]
[Result "1/2-1/2"]
[WhiteElo "2241"]
[BlackElo "2408"]
[PlyCount "72"]
[EventDate "2008.??.??"]
[EventType "tourn (corr)"]
[EventRounds "6"]
[SourceTitle "Corr 2022"]
[Source "ChessBase"]
[SourceDate "2021.10.24"]
[SourceVersion "1"]
[SourceVersionDate "2021.10.24"]
[SourceQuality "1"]

1. e4 e5 2. Nf3 Nc6 3. Bc4 Bc5 4. c3 Nf6 5. d4 exd4 6. e5 d5 7. Bb5 Ne4 8. cxd4 Bb6 9. Nc3 0-0 10. Be3 Nxc3 11. bxc3 f6 12. 0-0 fxe5 13. Bxc6 bxc6 14. Nxe5 Qd6 15. Qa4 c5 16. dxc5 Bxc5 17. Nc4 Qa6 18. Qxa6 Bxa6 19. Bxc5 Bxc4 20. Bxf8 Bxf1 21. Bxg7 Bxg2 22. Kxg2 Kxg7 23. Rb1 Kf6 24. Rb7 Rc8 25. Rxa7 Ke5 26. Ra4 Rg8+ 27. Kf1 c5 28. Ra5 Kd6 29. Ra6+ Ke5 30. Ra7 Rb8 31. Re7+ Kf4 32. Rxh7 Ke4 33. Rc7 c4 34. Rd7 Kd3 35. Rxd5+ Kxc3 36. Ke1 Kb2 1/2-1/2

[Event "FICGS W-ch st1 gN 01 email"]
[Site "FICGS email"]
[Date "2008.07.08"]
[Round "1"]
[White "Ostrowski, Leszek"]
[Black "Helmer, Janos"]
[Result "1/2-1/2"]
[WhiteElo "2408"]
[BlackElo "2268"]
[PlyCount "70"]
[EventDate "2008.??.??"]
[EventType "tourn (corr)"]
[EventRounds "6"]
[SourceTitle "Corr 2022"]
[Source "ChessBase"]
[SourceDate "2021.10.24"]
[SourceVersion "1"]
[SourceVersionDate "2021.10.24"]
[SourceQuality "1"]

1. e4 c5 2. Nf3 d6 3. d4 cxd4 4. Nxd4 Nf6 5. Nc3 g6 6. Be3 Bg7 7. f3 0-0 8. Qd2 Nc6 9. 0-0-0 Bd7 10. g4 Rc8 11. h4 Ne5 12. Kb1 h5 13. g5 Ne8 14. Be2 Nc7 15. f4 Ng4 16. f5 Nxe3 17. Qxe3 Na8 18. Nd5 Nb6 19. fxg6 fxg6 20. c3 Kh7 21. Rhg1 Bxd4 22. Qxd4 Nxd5 23. exd5 Qb6 24. Qxb6 axb6 25. Rge1 Rc7 26. Bd3 Bg4 27. Rf1 Rf3 28. Be4 Rh3 29. Rf7+ Kg8 30. Rdf1 Bf5 31. Bxf5 gxf5 32. g6 Rxh4 33. R1xf5 Rg4 34. Rxh5 Rxg6 35. Rf4 Rc5 1/2-1/2

[Event "FICGS W-ch st1 gN 01 email"]
[Site "FICGS email"]
[Date "2008.07.08"]
[Round "1"]
[White "Pecotic, Kuzma"]
[Black "Ostrowski, Leszek"]
[Result "1/2-1/2"]
[WhiteElo "2213"]
[BlackElo "2408"]
[PlyCount "45"]
[EventDate "2008.??.??"]
[EventType "tourn (corr)"]
[EventRounds "6"]
[SourceTitle "Corr 2022"]
[Source "ChessBase"]
[SourceDate "2021.10.24"]
[SourceVersion "1"]
[SourceVersionDate "2021.10.24"]
[SourceQuality "1"]

1. Nf3 Nf6 2. c4 g6 3. g3 Bg7 4. d4 d5 5. Bg2 0-0 6. cxd5 Nxd5 7. 0-0 Nb6 8. Nc3 Nc6 9. d5 Na5 10. e4 c6 11. Bf4 cxd5 12. exd5 Nac4 13. Qe2 Nxb2 14. Qxb2 Na4 15. Nxa4 Bxb2 16. Nxb2 Qxd5 17. Rfe1 Be6 18. Ng5 Qd4 19. Nxe6 fxe6 20. Rab1 Rxf4 21. gxf4 Rf8 22. Rxe6 Qd2 23. Rxe7 1/2-1/2

[Event "FICGS W-ch st1 gN 01 email"]
[Site "FICGS email"]
[Date "2008.07.08"]
[Round "1"]
[White "Schiller, Wilfried"]
[Black "Ostrowski, Leszek"]
[Result "1/2-1/2"]
[WhiteElo "2301"]
[BlackElo "2408"]
[PlyCount "45"]
[EventDate "2008.??.??"]
[EventType "tourn (corr)"]
[EventRounds "6"]
[SourceTitle "Corr 2022"]
[Source "ChessBase"]
[SourceDate "2021.10.24"]
[SourceVersion "1"]
[SourceVersionDate "2021.10.24"]
[SourceQuality "1"]

1. d4 d5 2. c4 e6 3. Nc3 c6 4. Nf3 Nf6 5. e3 Nbd7 6. Bd3 dxc4 7. Bxc4 b5 8. Bd3 Bb7 9. a3 a6 10. b4 a5 11. Rb1 Bd6 12. 0-0 0-0 13. Qb3 axb4 14. axb4 Qe7 15. Bd2 e5 16. Ng5 Bc7 17. Rfe1 h6 18. Nge4 Rfe8 19. Rbd1 Rad8 20. h3 Nb6 21. Nxf6+ Qxf6 22. Qc2 Qe7 23. Ne4 1/2-1/2

[Event "Tatry op"]
[Site "Tatranske Zruby"]
[Date "2007.09.25"]
[Round "5"]
[White "Ostrowski, Leszek"]
[Black "Manik, Mikulas"]
[Result "1/2-1/2"]
[WhiteElo "2323"]
[BlackElo "2457"]
[PlyCount "36"]
[EventDate "2007.09.22"]
[EventType "swiss"]
[EventRounds "9"]
[EventCountry "SVK"]
[SourceTitle "CBM 120 Extra"]
[Source "ChessBase"]
[SourceDate "2007.11.01"]
[SourceVersion "1"]
[SourceVersionDate "2007.11.01"]
[SourceQuality "1"]

1. d4 Nf6 2. Nf3 e6 3. c4 c5 4. d5 b5 5. dxe6 fxe6 6. cxb5 d5 7. g3 a6 8. bxa6 Nc6 9. Bg2 Bd6 10. Nc3 Bxa6 11. 0-0 0-0 12. Bg5 h6 13. Bxf6 Qxf6 14. a4 Rab8 15. Nb5 Bxb5 16. axb5 Nb4 17. e4 c4 18. b3 cxb3 1/2-1/2

[Event "Tatry op"]
[Site "Tatranske Zruby"]
[Date "2007.09.24"]
[Round "4"]
[White "Janousek, Petr"]
[Black "Ostrowski, Leszek"]
[Result "0-1"]
[WhiteElo "2211"]
[BlackElo "2323"]
[PlyCount "83"]
[EventDate "2007.09.22"]
[EventType "swiss"]
[EventRounds "9"]
[EventCountry "SVK"]
[SourceTitle "CBM 120 Extra"]
[Source "ChessBase"]
[SourceDate "2007.11.01"]
[SourceVersion "1"]
[SourceVersionDate "2007.11.01"]
[SourceQuality "1"]

1. e4 c5 2. Nc3 e6 3. f4 d5 4. exd5 exd5 5. Bb5+ Nc6 6. Qe2+ Be7 7. Nf3 Bg4 8. 0-0 Nf6 9. Re1 Rc8 10. d3 Rc7 11. h3 Bxf3 12. Qxf3 0-0 13. Bxc6 Rxc6 14. f5 c4 15. Kh1 Bb4 16. Bd2 cxd3 17. Qxd3 Bxc3 18. Bxc3 Ne4 19. Rf1 Qd6 20. Rf3 Nxc3 21. bxc3 Re8 22. Rd1 h5 23. f6 g6 24. Rdf1 Re4 25. Qd2 Kh7 26. Rd3 Rc5 27. Rd4 Qe6 28. Rxe4 dxe4 29. Qd4 b6 30. Re1 Re5 31. Re3 Qf5 32. Kg1 Re6 33. Qc4 Qc5 34. Qd4 h4 35. Kh1 Qf5 36. Qc4 g5 37. Re1 Kg6 38. Rf1 b5 39. Qe2 Qe5 40. Kg1 a6 41. Qg4 e3 42. Re1 0-1

[Event "Tatry op"]
[Site "Tatranske Zruby"]
[Date "2007.09.23"]
[Round "2"]
[White "Csiba, Dominik"]
[Black "Ostrowski, Leszek"]
[Result "0-1"]
[WhiteElo "2136"]
[BlackElo "2323"]
[PlyCount "106"]
[EventDate "2007.09.22"]
[EventType "swiss"]
[EventRounds "9"]
[EventCountry "SVK"]
[SourceTitle "CBM 120 Extra"]
[Source "ChessBase"]
[SourceDate "2007.11.01"]
[SourceVersion "1"]
[SourceVersionDate "2007.11.01"]
[SourceQuality "1"]

1. f4 d5 2. Nf3 g6 3. e3 Bg7 4. Nc3 c6 5. b3 Nf6 6. Bb2 0-0 7. Be2 Ne4 8. Ne5 Nd6 9. 0-0 Nd7 10. Na4 f6 11. Nxd7 Bxd7 12. Nc5 Bc8 13. b4 a5 14. a3 b6 15. Nd3 Bd7 16. Bf3 e6 17. Qe2 Re8 18. e4 e5 19. fxe5 fxe5 20. Nf2 c5 21. bxc5 bxc5 22. Rab1 d4 23. d3 Rb8 24. Bg4 Ba4 25. Bh3 Rb7 26. Ba1 Rf7 27. Bb2 Rb7 28. Ba1 Rxb1 29. Rxb1 Qg5 30. Re1 Rb8 31. Be6+ Kh8 32. Bb3 Bd7 33. Bb2 a4 34. Bc1 Qh4 35. Bd5 Nb5 36. g3 Qe7 37. Bc4 Nc3 38. Qd2 h6 39. Nd1 Nxd1 40. Rxd1 Bh3 41. Rf1 Bxf1 42. Kxf1 Rb1 43. Kg2 Qf6 44. c3 Qg5 45. Qxg5 hxg5 46. cxd4 Rxc1 47. dxc5 Bf8 48. c6 Bd6 49. Bb5 Rc3 50. Bxa4 Rxd3 51. Bb5 Rxa3 52. Bc4 Rc3 53. Bd5 Kg7 0-1

[Event "FICGS W-ch qf1 email"]
[Site "FICGS email"]
[Date "2007.07.11"]
[Round "4"]
[White "Ostrowski, Leszek"]
[Black "Shwimmer, Peter"]
[Result "1-0"]
[WhiteElo "2449"]
[BlackElo "2516"]
[PlyCount "131"]
[EventDate "2007.??.??"]
[EventType "match (corr)"]
[EventRounds "5"]
[SourceTitle "Corr 2022"]
[Source "ChessBase"]
[SourceDate "2021.10.24"]
[SourceVersion "1"]
[SourceVersionDate "2021.10.24"]
[SourceQuality "1"]

1. e4 e5 2. Nf3 d6 3. d4 Nd7 4. Bc4 c6 5. 0-0 Qc7 6. Ng5 Nh6 7. a4 Be7 8. d5 Nb6 9. Bb3 a5 10. Nc3 0-0 11. dxc6 bxc6 12. Qh5 Rb8 13. h3 Nd7 14. Rb1 Rb4 15. Rd1 Kh8 16. Bd2 Qb7 17. Re1 f5 18. exf5 Bxg5 19. Qxg5 Nc5 20. g4 Bxf5 21. gxf5 Nxf5 22. Ba2 Nd4 23. Re3 Qb8 24. Qh5 Rf5 25. Qd1 Qf8 26. Ne2 Ne4 27. f4 Nxd2 28. Qxd2 Rxa4 29. Nc3 Rb4 30. Ne4 Ra4 31. Nc3 Rb4 32. Ne4 Rxf4 33. c3 Nf3+ 34. Rxf3 Rbxe4 35. Rf2 Rxf2 36. Qxf2 Rf4 37. Qb6 Qc8 38. Re1 Rf3 39. Bb1 Rg3+ 40. Kf2 Rxh3 41. Rf1 Rh4 42. Ke1 Rf4 43. Rxf4 exf4 44. Qxa5 Qe6+ 45. Kd1 Qg4+ 46. Kc1 Qg1+ 47. Kc2 Qg6+ 48. Kb3 Qf7+ 49. c4 g6 50. Be4 Qe8 51. Qc3+ Kg8 52. Qf3 c5 53. Qxf4 Kg7 54. Bd5 Qd7 55. Qe3 h5 56. Qc3+ Kh7 57. Qf6 Kh6 58. Be4 Qg4 59. Qh8+ Kg5 60. Qe8 Kh6 61. Ka4 h4 62. Bd5 Qd4 63. Qf8+ Kg5 64. Qxd6 Qxb2 65. Qxc5 Qe5 66. Kb5 1-0

[Event "FICGS W-ch qf1 email"]
[Site "FICGS email"]
[Date "2007.07.11"]
[Round "1"]
[White "Shwimmer, Peter"]
[Black "Ostrowski, Leszek"]
[Result "1-0"]
[WhiteElo "2516"]
[BlackElo "2449"]
[PlyCount "123"]
[EventDate "2007.??.??"]
[EventType "match (corr)"]
[EventRounds "5"]
[SourceTitle "Corr 2022"]
[Source "ChessBase"]
[SourceDate "2021.10.24"]
[SourceVersion "1"]
[SourceVersionDate "2021.10.24"]
[SourceQuality "1"]

1. e4 c5 2. Nf3 d6 3. d4 cxd4 4. Nxd4 Nf6 5. Nc3 a6 6. Bc4 e6 7. Be3 Qc7 8. Bb3 Be7 9. 0-0 Nc6 10. f4 Na5 11. Ba4+ Bd7 12. Bxd7+ Qxd7 13. Qf3 Nc4 14. Bc1 0-0 15. g4 Qc7 16. g5 Nd7 17. b3 Na5 18. Nce2 g6 19. c3 e5 20. Nc2 f6 21. Nb4 fxg5 22. Nd5 Qd8 23. f5 gxf5 24. exf5 Kh8 25. Ng3 Nc6 26. Be3 g4 27. Qxg4 Nf6 28. Qc4 Rg8 29. Kh1 Rg4 30. Qd3 Nxd5 31. Qxd5 Qg8 32. Qf3 Rh4 33. Rf2 e4 34. Nxe4 Ne5 35. Bd4 Qd5 36. Bxe5+ Qxe5 37. Nd2 Bf6 38. Rg1 Qxc3 39. Qxb7 Qc8 40. Qf3 Bd4 41. Qg3 Rh6 42. Rfg2 Qf8 43. Rf1 Be5 44. Qd3 Qe7 45. Nc4 Rg8 46. Rxg8+ Kxg8 47. Rf2 Kf8 48. Qf3 d5 49. Nxe5 Qxe5 50. Re2 Qa1+ 51. Kg2 Qc1 52. Qg3 Rf6 53. Qb8+ Kg7 54. h4 Qc6 55. Re7+ Rf7 56. Qe5+ Kf8 57. Rxf7+ Kxf7 58. Kg3 Qc5 59. Kf3 Qc6 60. Kg4 Qc5 61. Qe6+ Kf8 62. f6 1-0

[Event "FICGS class SM 000005 email"]
[Site "FICGS email"]
[Date "2007.05.11"]
[Round "1"]
[White "Ostrowski, Leszek"]
[Black "Utesch, Wolfgang"]
[Result "1/2-1/2"]
[WhiteElo "2458"]
[BlackElo "2466"]
[PlyCount "55"]
[EventDate "2007.??.??"]
[EventType "tourn (corr)"]
[EventRounds "6"]
[EventCategory "7"]
[SourceTitle "Corr 2022"]
[Source "ChessBase"]
[SourceDate "2021.10.24"]
[SourceVersion "1"]
[SourceVersionDate "2021.10.24"]
[SourceQuality "1"]

1. e4 c5 2. Nf3 Nc6 3. d4 cxd4 4. Nxd4 Nf6 5. Nc3 e5 6. Ndb5 d6 7. Bg5 a6 8. Na3 b5 9. Bxf6 gxf6 10. Nd5 Bg7 11. Bd3 Ne7 12. Nxe7 Qxe7 13. 0-0 0-0 14. c3 f5 15. Nc2 Rb8 16. exf5 e4 17. Re1 Bxf5 18. Nb4 a5 19. Nd5 Qe5 20. Bc2 Bg6 21. g4 f5 22. f4 Qe6 23. Ne3 Kh8 24. gxf5 Bxf5 25. Nxf5 Qxf5 26. Rxe4 b4 27. cxb4 Rxb4 28. Rxb4 1/2-1/2

[Event "Tatry op"]
[Site "Tatranske Zruby"]
[Date "2006.09.27"]
[Round "6"]
[White "Sejkora, Vlastimil"]
[Black "Ostrowski, Leszek"]
[Result "0-1"]
[WhiteElo "2198"]
[BlackElo "2322"]
[PlyCount "94"]
[EventDate "2006.09.23"]
[EventType "swiss"]
[EventRounds "9"]
[EventCountry "SVK"]
[SourceTitle "CBM 114 Extra"]
[Source "ChessBase"]
[SourceDate "2006.11.03"]
[SourceVersion "1"]
[SourceVersionDate "2006.11.03"]
[SourceQuality "1"]

1. e4 e5 2. Nf3 Nc6 3. Bb5 a6 4. Bxc6 dxc6 5. 0-0 Bg4 6. h3 h5 7. d3 Qf6 8. Nbd2 Ne7 9. Re1 Ng6 10. d4 Bd6 11. hxg4 hxg4 12. Nh2 Rxh2 13. Qxg4 Qh4 14. Qxh4 Rxh4 15. Nf3 Rh5 16. c3 0-0-0 17. g3 exd4 18. cxd4 Bb4 19. Rd1 f5 20. e5 Be7 21. Kg2 Nf8 22. Be3 Ne6 23. Rh1 Rhh8 24. Rad1 g5 25. Rxh8 Rxh8 26. d5 cxd5 27. Rxd5 c6 28. Rd2 c5 29. Rc2 Kd7 30. g4 f4 31. Bc1 b5 32. b3 Kc6 33. Bb2 Rd8 34. a4 Rd3 35. axb5+ axb5 36. b4 c4 37. Bc3 Kd5 38. Rc1 Bf8 39. Rc2 Bxb4 40. Ba1 Bc5 41. Ra2 Ra3 42. Rd2+ Kc6 43. Rd1 b4 44. Bd4 Bxd4 45. Nxd4+ Nxd4 46. Rxd4 Kc5 47. Rd8 Ra1 0-1

[Event "Tatry op"]
[Site "Tatranske Zruby"]
[Date "2006.09.26"]
[Round "5"]
[White "Ostrowski, Leszek"]
[Black "Splichal, Stanislav"]
[Result "0-1"]
[WhiteElo "2322"]
[BlackElo "2215"]
[PlyCount "142"]
[EventDate "2006.09.23"]
[EventType "swiss"]
[EventRounds "9"]
[EventCountry "SVK"]
[SourceTitle "CBM 114 Extra"]
[Source "ChessBase"]
[SourceDate "2006.11.03"]
[SourceVersion "1"]
[SourceVersionDate "2006.11.03"]
[SourceQuality "1"]

1. Nf3 d5 2. c4 c6 3. e3 Nf6 4. Nc3 a6 5. b3 Bg4 6. Be2 e6 7. Bb2 Nbd7 8. cxd5 exd5 9. 0-0 Bxf3 10. Bxf3 Bd6 11. d4 0-0 12. Qd3 Re8 13. g3 Qe7 14. Bg2 Ne4 15. Nd1 Rad8 16. Rc1 h5 17. f3 Nef6 18. Rc2 Bb8 19. Qf5 h4 20. gxh4 Qd6 21. Bh1 g6 22. Qh3 Nh5 23. f4 f5 24. Bf3 Ndf6 25. Rg2 Kf7 26. Kh1 Rh8 27. Rfg1 Rdg8 28. Rg5 Qe6 29. Bc1 Ne4 30. R5g2 Bd6 31. Nb2 Rh6 32. Nd3 Rgh8 33. Bd2 Nxd2 34. Rxd2 Nf6 35. Qg2 Ne4 36. Rc2 Rxh4 37. Ne5+ Bxe5 38. dxe5 Rh3 39. Bxe4 fxe4 40. Rf2 Qf5 41. Qg5 R3h5 42. Qxf5+ Rxf5 43. Rg3 Rfh5 44. Kg1 Rh3 45. Rfg2 Rxg3 46. hxg3 c5 47. Rc2 b6 48. Kg2 Ke6 49. g4 Rh4 50. Kg3 Rh1 51. g5 Rd1 52. Rh2 d4 53. exd4 cxd4 54. Rh6 Rd3+ 55. Kg4 e3 56. Rxg6+ Kd5 57. Rd6+ Kc5 58. Kf3 Rd2 59. g6 Rf2+ 60. Kg3 Rf1 61. b4+ Kxb4 62. Rxd4+ Kc3 63. Re4 Kd3 64. e6 Kxe4 65. e7 e2 66. e8Q+ Kd3 67. Kg4 e1Q 68. Qxe1 Rxe1 69. f5 Ke4 70. f6 Rg1+ 71. Kh5 Kf5 0-1

[Event "Tatry op"]
[Site "Tatranske Zruby"]
[Date "2006.09.24"]
[Round "2"]
[White "Musil, Vitezslav"]
[Black "Ostrowski, Leszek"]
[Result "0-1"]
[WhiteElo "2129"]
[BlackElo "2322"]
[PlyCount "68"]
[EventDate "2006.09.23"]
[EventType "swiss"]
[EventRounds "9"]
[EventCountry "SVK"]
[SourceTitle "CBM 114 Extra"]
[Source "ChessBase"]
[SourceDate "2006.11.03"]
[SourceVersion "1"]
[SourceVersionDate "2006.11.03"]
[SourceQuality "1"]

1. e4 e5 2. Nf3 Nc6 3. Bc4 Nf6 4. d4 exd4 5. 0-0 Nxe4 6. Re1 d5 7. Bxd5 Qxd5 8. Nc3 Qa5 9. Nxe4 Be6 10. Neg5 0-0-0 11. Nxe6 fxe6 12. Rxe6 Bd6 13. Bg5 Rde8 14. Qe2 Kd7 15. Re1 Qxe1+ 16. Nxe1 Rxe6 17. Qg4 h5 18. Qh3 Rf8 19. Nd3 g6 20. f4 Rf5 21. a3 Ne7 22. Bxe7 Kxe7 23. g4 hxg4 24. Qxg4 Kf7 25. Qh4 Kg7 26. Qd8 Rf8 27. Qd7+ Re7 28. Qa4 Re4 29. Qxa7 Bxf4 30. h3 Bd6 31. Qa4 Rf5 32. Qd7+ Rf7 33. Qa4 b5 34. Qxb5 Re2 0-1